Origen y desarrollo de la lingüística

Збережено в:
Бібліографічні деталі
Автор: Agüero Chaves, Arturo
Формат: Книга
Мова:Undetermined
Опубліковано: San José, Costa Rica Editorial de la Universidad de Costa Rica 1984
Предмети:
Теги: Додати тег
Немає тегів, Будьте першим, хто поставить тег для цього запису!

MARC

LEADER 00000nam a2200000Ia 4500
008 170316s9999 xx 000 0 und d
040 |a cru BVZT 
090 |a 410 A-3o 
100 |a Agüero Chaves, Arturo 
245 |a Origen y desarrollo de la lingüística 
260 |a San José, Costa Rica 
260 |b Editorial de la Universidad de Costa Rica 
260 |c 1984 
300 |a 208 páginas 
650 0 |a LINGÜÍSTICA  |9 55 
650 |a HISTORIA  |9 90 
650 |a ESTUDIOS LINGÜÍSTICOS 
650 |a LINGÜÍSTICA - SIGLO 1800 
650 |a LINGÜÍSTICA - SIGLO XIX 
999 |c 18210  |d 18210 
942 |c LIB  |h 410 A-3o  |2 z